House of the Rising Sun Lyrics - Statistics

General Stats
  • This quiz has been taken 61 times
  • The average score is 114 of 154
Answer Stats
Answer % Correct
A
100%
House
100%
I
100%
Is
100%
The
100%
There
100%
In
98%
New
98%
Rising
98%
Sun
98%
Orleans
96%
And
94%
Of
94%
Call
91%
They
89%
It's
87%
Man
85%
Was
85%
Know
83%
Many
83%
On
83%
Been
81%
Do
79%
Mother
79%
My
79%
One
79%
Boy
77%
Father
77%
God
77%
Ruin
77%
Gambling
74%
I'm
74%
Poor
74%
Jeans
72%
Blue
70%
Down
70%
Tailor
70%
She
68%
Sewed
66%
To
66%
What
55%
Your
53%
Done
49%
Have
49%
Tell
49%
When
49%
Not
45%
Only
45%
Children
43%
Time
43%
Oh
40%
He's
38%
Thing
38%
Gambler
36%
Misery
34%
Needs
32%
Satisfied
32%
All
30%
Drunk
30%
Suitcase
30%
That
30%
Now
28%
Spend
28%
Trunk
28%
Wear
26%
Back
21%
Going
21%
Sin
21%
Ball
19%
Well
19%
Chain
17%
Foot
17%
Train
17%
Got
15%
Lives
15%
Other
15%
Platform
15%
No matching quizzes found
Score Distribution
Percent of People with Each Score
Percentile by Number Answered
Your Score History
You have not taken this quiz